| 000 | 00710nam a2200265Ia 4500 | ||
|---|---|---|---|
| 003 | OSt | ||
| 005 | 20221007110044.0 | ||
| 006 | a|||||r|||| 00| 0 | ||
| 007 | ta | ||
| 008 | 221006b |||||||| |||| 00| 0 eng d | ||
| 024 | _a20,257 | ||
| 037 | _cTextual | ||
| 040 |
_aLCO _cLCO _beng |
||
| 041 |
_2eng _aeng |
||
| 082 | _aZ2,122, L4 | ||
| 100 |
_aRayden _9707070 |
||
| 245 | 0 | _aLaw and Practice in Divorce and family Matters in all Courts | |
| 250 | _a12th | ||
| 260 |
_aLondon _bButterworths UK _c1974 |
||
| 300 | _aVarious | ||
| 490 | _vVol-1 & 22 | ||
| 650 |
_aDIVORCE AND FAMILY MATTERS _9707071 |
||
| 942 |
_hZ2,122, L4 _cTEXL |
||
| 999 |
_c1189820 _d1189820 |
||